[Event "RUS-ch Men Blitz 2019"]
[Site "Sochi"]
[Date "2019.10.17"]
[Round "3.5"]
[White "Shimanov, Aleksandr"]
[Black "Nesterov, Arseniy"]
[Result "0-1"]
[WhiteElo "2587"]
[BlackElo "2484"]
[Annotator "TA"]
[PlyCount "102"]
[EventDate "2019.10.17"]
[EventType "swiss"]
[EventCountry "RUS"]
[SourceTitle "playchess.com"]
[Source "ChessBase"]
[SourceQuality "1"]

{[%evp 13,101,14,22,13,16,12,8,10,34,12,8,-6,-6,-6,-2,0,0,-27,-35,-32,-22,-39,-20,-47,-47,-45,-25,-47,-10,-24,0,-66,-30,-37,-30,-42,-33,-25,0,0,0,0,18,0,47,54,38,26,270,-31,-39,-45,-41,-20,-27,-61,-7,-177,0,0,0,0,0,0,0,0,18,0,0,0,0,0,0,0,0,0,0,-45,-53,-479,-488,-700,-537,-897,-693,-670,-650,-756,-1052,-29999]} 1. e4 e5 2. Nf3 Nc6 3. Bc4 Bc5 4. c3 Nf6 5. d3 d6 6. O-O a6 7. a4 h6 8. Nbd2 {C54: Giuoco Piano: 4 c3 Nf6, main lines with 5 d4 and 5 d3} O-O 9. h3 Ba7 10. Re1 {The position is equal.} Ne7 (10... Re8 11. b4 Be6 12. Bxe6 Rxe6 13. Nf1 Qd7 14. Be3 Bxe3 15. Nxe3 d5 {1-0 (53) Vachier Lagrave,M (2774)-Aronian,L (2758) Khanty-Mansiysk 2019}) 11. a5 Ng6 12. Nf1 c6 13. Bb3 Re8 {[#]} 14. Be3 $146 ({Predecessor:} 14. Ng3 Be6 {½-½ (29) Stukopin,A (2565)-Vorontsov,P (2548) Burlingame 2018}) 14... Bxe3 15. Rxe3 d5 16. Ng3 Qc7 17. exd5 cxd5 18. Qd2 Be6 19. Bc2 Rac8 20. Ree1 Nd7 21. Ba4 Red8 22. Nf1 ({White should play} 22. h4 $11) 22... Nc5 23. Bc2 d4 24. cxd4 exd4 25. b4 $1 {[%cal Rb4c5]} Nb3 26. Bxb3 $1 Bxb3 27. Rac1 Qd6 28. Ng3 Bd5 29. Rxc8 Rxc8 30. Nxd4 Bxg2 $2 (30... Qf4 $11 31. Qe3 Qxe3 32. Rxe3 (32. fxe3 Rc3 $14) 32... Rc1+ 33. Kh2 Kf8) 31. Ndf5 $2 (31. Ngf5 $18 Qd5 32. Qe3) 31... Qc6 $1 $15 32. Qb2 {[%csl Gf5][%cal Rb2g7]} f6 33. Kh2 $1 {Strongly threatening Re7!} Bd5 34. h4 {aiming for h5.} Rc7 (34... Qc7 $15 35. Re3 Ne5) 35. Qd4 $2 {[#]} (35. d4 $11 {and White has nothing to worry.}) 35... Ne5 $2 ({Black should try} 35... Kh7 $1 $19 36. f4 {[#]} h5 $1 {[%mdl 512]}) 36. Rxe5 $1 $11 fxe5 37. Qxe5 Kh7 {Threatens to win with ...Rf7.} 38. Ne7 $1 {[%cal Re7c6] [#]} Rxe7 $1 {[%mdl 512]} 39. Qxe7 Qc2 40. Qe3 Qb1 $36 {[%mdl 2048] Black has the initiative.} 41. Qd4 Bc6 $1 42. Ne4 Qf1 43. Qe3 Qd1 44. Qg3 Qe1 45. Qe3 Qxb4 46. h5 $2 {[%mdl 8192]} (46. Qc5 $15 Qb5 47. Qf8) 46... Qxa5 $19 47. Ng3 (47. f3 $142 Qxh5+ 48. Kg2) 47... Qg5 48. Qe6 {[#]} Qf4 $1 49. Kg1 Qf3 {[%csl Gc6][%cal Rf3g2]} 50. Qg6+ Kh8 {[%csl Gc6][%cal Rf3g2]} 51. Kf1 Qd1# {Accuracy: White = 28%, Black = 67%.} 0-1

[Event "RUS-ch Men Blitz 2019"]
[Site "Sochi"]
[Date "2019.10.20"]
[Round "3.5"]
[White "Savitskiy, Sergey"]
[Black "Grachev, Boris"]
[Result "1/2-1/2"]
[WhiteElo "2407"]
[BlackElo "2621"]
[Annotator "ChessBase"]
[PlyCount "106"]
[EventDate "2019.10.17"]
[EventType "swiss"]
[EventCountry "RUS"]
[SourceTitle "playchess.com"]
[Source "ChessBase"]
[SourceQuality "1"]
[TimeControl "180+2"]

1. e4 {[%emt 0:00:00]} c5 {[%emt 0:00:00]} 2. Nf3 {[%emt 0:00:00]} e6 {[%emt 0:00:00]} 3. d4 {[%emt 0:00:00]} cxd4 {[%emt 0:00:00]} 4. Nxd4 {[%emt 0:00:01]} Nc6 {[%emt 0:00:01]} 5. Nc3 {[%emt 0:00:01]} a6 {[%emt 0:00:01]} 6. g3 {[%emt 0:00:01]} Nxd4 {[%emt 0:00:01]} 7. Qxd4 {[%emt 0:00:01]} b5 {[%emt 0:00:01]} 8. Bg2 {[%emt 0:00:07]} Bb7 {[%emt 0:00:01]} 9. O-O {[%emt 0:00:01]} Ne7 {[%emt 0:00:01]} 10. Re1 {[%emt 0:00:09]} Nc6 {[%emt 0:00:08]} 11. Qd1 {[%emt 0:00:01]} Ne5 {[%emt 0:00:32]} 12. f4 {[%emt 0:00:26]} Bc5+ {[%emt 0:00:13]} 13. Kh1 {[%emt 0:00:01]} Ng6 {[%emt 0:00:17]} 14. Qh5 {[%emt 0:00:18]} Bd4 {[%emt 0:00:19]} 15. Be3 {[%emt 0:00:18]} Bxe3 {[%emt 0:00:06]} 16. Rxe3 {[%emt 0:00:00]} O-O {[%emt 0:00:02]} 17. Rd1 {[%emt 0:00:01]} b4 {[%emt 0:00:06]} 18. Ne2 {[%emt 0:00:04]} Rc8 {[%emt 0:00:05]} 19. Nd4 {[%emt 0:00:26]} Qb6 {[%emt 0:00:16]} 20. Re2 {[%emt 0:00:10]} Qc5 {[%emt 0:00:07]} 21. Qxc5 {[%emt 0:00:46]} Rxc5 22. Nb3 Rc7 {[%emt 0:00:05]} 23. Na5 {[%emt 0:00:11]} Ba8 {[%emt 0:00:11]} 24. e5 {[%emt 0:00:01]} Ne7 {[%emt 0:00:12]} 25. Bxa8 {[%emt 0:00:04]} Rxa8 {[%emt 0:00:02]} 26. b3 {[%emt 0:00:01]} Nd5 {[%emt 0:00:06]} 27. Red2 {[%emt 0:00:17]} Rc3 {[%emt 0:00:08]} 28. Nc4 {[%emt 0:00:04]} h5 {[%emt 0:00:06]} 29. Kg1 {[%emt 0:00:01]} a5 {[%emt 0:00:03]} 30. Kf2 {[%emt 0:00:14]} a4 {[%emt 0:00:04]} 31. Re1 {[%emt 0:00:08]} axb3 {[%emt 0:00:07]} 32. axb3 {[%emt 0:00:01]} h4 {[%emt 0:00:04]} 33. Ree2 {[%emt 0:00:05]} Ra2 {[%emt 0:00:07]} 34. Nd6 {[%emt 0:00:04]} h3 {[%emt 0:00:17]} 35. Ne4 {[%emt 0:00:00]} Rc7 {[%emt 0:00:04]} 36. c4 {[%emt 0:00:01]} Rxd2 {[%emt 0:00:10]} 37. Rxd2 {[%emt 0:00:00]} Ne7 {[%emt 0:00:02]} 38. Ng5 {[%emt 0:00:01]} Nc6 {[%emt 0:00:04]} 39. Nxh3 {[%emt 0:00:02]} Ra7 {[%emt 0:00:00]} 40. Ng5 {[%emt 0:00:04]} f6 {[%emt 0:00:04]} 41. exf6 {[%emt 0:00:02]} gxf6 42. Ne4 Kf7 {[%emt 0:00:03]} 43. Nc5 {[%emt 0:00:06]} Ke7 {[%emt 0:00:01]} 44. Ne4 {[%emt 0:00:05]} f5 {[%emt 0:00:01]} 45. Ng5 {[%emt 0:00:01]} Ra3 {[%emt 0:00:02]} 46. Rb2 {[%emt 0:00:03]} Nd4 {[%emt 0:00:02]} 47. h4 {[%emt 0:00:02]} Nxb3 {[%emt 0:00:02]} 48. h5 {[%emt 0:00:01]} Nc5 {[%emt 0:00:02]} 49. Rb1 {[%emt 0:00:01]} Ra2+ {[%emt 0:00:02]} 50. Ke3 {[%emt 0:00:02]} Ra3+ {[%emt 0:00:02]} 51. Kf2 {[%emt 0:00:01]} Ra2+ {[%emt 0:00:01]} 52. Ke3 {[%emt 0:00:00]} Ra3+ {[%emt 0:00:04]} 53. Kf2 {[%emt 0:00:01]} Ra2+ {[%emt 0:00:02]} 1/2-1/2

[Event "RUS-ch Men Blitz 2019"]
[Site "Sochi"]
[Date "2019.10.17"]
[Round "3.6"]
[White "Belyakov, Bogdan"]
[Black "Lysyj, Igor"]
[Result "1-0"]
[WhiteElo "2495"]
[BlackElo "2596"]
[Annotator "ChessBase"]
[PlyCount "40"]
[EventDate "2019.10.17"]
[EventType "swiss"]
[EventCountry "RUS"]
[SourceTitle "playchess.com"]
[Source "ChessBase"]
[SourceQuality "1"]
[TimeControl "180+2"]

1. e4 {[%emt 0:00:00]} e5 {[%emt 0:00:00]} 2. Nf3 {[%emt 0:00:01]} Nc6 {[%emt 0:00:00]} 3. c3 {[%emt 0:00:01]} Nf6 {[%emt 0:00:05]} 4. d4 {[%emt 0:00:02]} Nxe4 {[%emt 0:00:03]} 5. d5 {[%emt 0:00:02]} Bc5 {[%emt 0:00:05]} 6. dxc6 {[%emt 0:00:02]} Bxf2+ {[%emt 0:00:26]} 7. Ke2 {[%emt 0:00:01]} Bb6 {[%emt 0:00:49]} 8. Qd5 {[%emt 0:00:02]} Nf2 {[%emt 0:00:01]} 9. Rg1 {[%emt 0:00:06]} O-O {[%emt 0:00:04]} 10. cxb7 {[%emt 0:00:02]} Bxb7 {[%emt 0:00:02]} 11. Qxb7 {[%emt 0:00:01]} Qf6 {[%emt 0:00:06]} 12. Qd5 {[%emt 0:00:21]} c6 {[%emt 0:00:21]} 13. Qxd7 {[%emt 0:00:59]} Ne4 {[%emt 0:00:30]} 14. Qg4 {[%emt 0:00:41]} Bxg1 {[%emt 0:00:23]} 15. Qxe4 {[%emt 0:00:02]} Bb6 {[%emt 0:00:02]} 16. Na3 {[%emt 0:00:09]} h6 {[%emt 0:00:13]} 17. Nc4 {[%emt 0:00:16]} Bc7 {[%emt 0:00:01]} 18. Kf2 {[%emt 0:00:06]} Qe6 {[%emt 0:00:11]} 19. Ne3 {[%emt 0:00:03]} Kh8 {[%emt 0:00:16]} 20. Bc4 {[%emt 0:00:02]} Qe7 {[%emt 0:00:02]} 1-0

[Event "RUS-ch Men Blitz 2019"]
[Site "Sochi"]
[Date "2019.10.17"]
[Round "3.7"]
[White "Yudin, Sergei"]
[Black "Apryshko, Gleb"]
[Result "1-0"]
[WhiteElo "2497"]
[BlackElo "2382"]
[Annotator "ChessBase"]
[PlyCount "41"]
[EventDate "2019.10.17"]
[EventType "swiss"]
[EventCountry "RUS"]
[SourceTitle "playchess.com"]
[Source "ChessBase"]
[SourceQuality "1"]
[TimeControl "180+2"]

1. e4 {[%emt 0:00:00]} e5 {[%emt 0:00:00]} 2. Nf3 {[%emt 0:00:01]} Nc6 {[%emt 0:00:00]} 3. Bc4 {[%emt 0:00:02]} Bc5 {[%emt 0:00:02]} 4. d3 {[%emt 0:00:02]} Nf6 {[%emt 0:00:06]} 5. O-O {[%emt 0:00:03]} h6 {[%emt 0:00:02]} 6. c3 {[%emt 0:00:03]} Bb6 {[%emt 0:00:24]} 7. Re1 {[%emt 0:00:08]} O-O {[%emt 0:00:13]} 8. h3 {[%emt 0:00:02]} d6 {[%emt 0:00:12]} 9. Bb3 {[%emt 0:00:06]} Ne7 {[%emt 0:00:19]} 10. Nbd2 {[%emt 0:00:02]} Ng6 {[%emt 0:00:01]} 11. Nf1 {[%emt 0:00:02]} c6 {[%emt 0:00:10]} 12. Ng3 {[%emt 0:00:16]} Re8 {[%emt 0:00:01]} 13. d4 {[%emt 0:00:04]} Be6 {[%emt 0:00:56]} 14. Bc2 {[%emt 0:00:02]} Qc7 {[%emt 0:00:18]} 15. Be3 {[%emt 0:00:03]} Rad8 {[%emt 0:00:01]} 16. Qc1 {[%emt 0:00:15]} d5 {[%emt 0:00:16]} 17. dxe5 {[%emt 0:00:48]} dxe4 {[%emt 0:00:27]} 18. Nxe4 {[%emt 0:00:19]} Bxe3 19. Nxf6+ {[%emt 0:00:08]} gxf6 {[%emt 0:00:06]} 20. Qxe3 {[%emt 0:00:02]} f5 {[%emt 0:00:03]} 21. Qxh6 1-0

[Event "RUS-ch Men Blitz 2019"]
[Site "Sochi"]
[Date "2019.10.17"]
[Round "3.8"]
[White "Glek, Igor"]
[Black "Grachev, Boris"]
[Result "0-1"]
[WhiteElo "2467"]
[BlackElo "2621"]
[Annotator "RC"]
[PlyCount "50"]
[EventDate "2019.10.17"]
[EventType "swiss"]
[EventCountry "RUS"]
[SourceTitle "playchess.com"]
[Source "ChessBase"]
[SourceQuality "1"]
[TimeControl "180+2"]

1. e4 {[%emt 0:00:00]} c5 {[%emt 0:00:00]} 2. Nf3 {[%emt 0:00:01]} e6 {[%emt 0:00:02]} 3. Nc3 {[%emt 0:00:01]} Nc6 {[%emt 0:00:01]} 4. Bb5 {[%emt 0:00:01]} Nd4 {[%emt 0:00:01]} 5. Bc4 {[%emt 0:00:02]} a6 {[%emt 0:00:07]} 6. Nxd4 {[%emt 0:00:04]} cxd4 {[%emt 0:00:01]} 7. Ne2 {[%emt 0:00:01]} Nf6 {[%emt 0:00:14]} 8. d3 {[%emt 0:00:02]} Bc5 {[%emt 0:00:10]} 9. O-O {[%emt 0:00:06]} O-O {[%emt 0:00:02]} 10. Bg5 {[%emt 0:00:21]} h6 {[%emt 0:00:01]} 11. Bh4 {[%emt 0:00:02]} g5 {[%emt 0:00:06]} 12. Bg3 {[%emt 0:00:01]} d5 {[%emt 0:00:01]} 13. exd5 {[%emt 0:00:11]} Nxd5 {[%emt 0:00:11]} 14. c3 {[%emt 0:00:34]} b5 {[%emt 0:00:07]} 15. cxd4 {[%emt 0:00:35]} Bb6 {[%emt 0:00:03]} 16. Bb3 {[%emt 0:00:06]} Bb7 {[%emt 0:00:01]} 17. Rc1 {[%emt 0:00:14]} Qf6 {[%emt 0:00:10]} 18. Be5 {[%emt 0:00:07]} Qg6 {[%emt 0:00:01]} 19. Qd2 {[%emt 0:00:18]} Rac8 {[%emt 0:00:12]} 20. f4 {[%emt 0:00:12]} Rxc1 {[%emt 0:00:09]} 21. Rxc1 {[%emt 0:00:14]} gxf4 {[%emt 0:00:06]} 22. Bxd5 {[%emt 0:00:05]} Bxd5 {[%emt 0:00:12]} 23. Nxf4 {[%emt 0:00:03]} Qg5 {[%emt 0:00:02]} 24. Qf2 {[%emt 0:00:19]} f6 {[%emt 0:00:22]} 25. Bd6 {[%emt 0:00:03]} e5 {[%emt 0:00:07]} 0-1

[Event "RUS-ch Men Blitz 2019"]
[Site "Sochi"]
[Date "2019.10.17"]
[Round "3.9"]
[White "Korchmar, Vasiliy"]
[Black "Nozdrachev, Vladislav"]
[Result "0-1"]
[WhiteElo "2432"]
[BlackElo "2494"]
[Annotator "TA"]
[PlyCount "146"]
[EventDate "2019.10.17"]
[EventType "swiss"]
[EventCountry "RUS"]
[SourceTitle "playchess.com"]
[Source "ChessBase"]
[SourceQuality "1"]

{[%evp 24,146,25,20,20,25,22,18,20,14,31,29,96,94,81,83,95,108,112,94,121,121,112,118,199,194,216,211,212,102,204,220,212,152,164,100,141,63,243,258,250,246,243,244,283,283,436,416,543,464,494,417,725,250,243,235,255,0,0,0,0,0,20,0,21,0,19,0,0,0,0,0,0,0,0,0,0,0,0,0,8,8,68,26,42,47,51,51,48,42,47,8,42,42,42,44,49,49,121,35,42,42,42,42,60,48,49,0,68,37,37,0,10,0,8,0,0,-8,229,-8,-8,-29990,-29991,-29991,-987]} 1. d4 Nf6 2. c4 e6 3. g3 d5 4. Bg2 Be7 5. Nf3 O-O 6. O-O dxc4 7. Ne5 Nc6 8. Bxc6 bxc6 9. Nxc6 Qe8 10. Nxe7+ Qxe7 11. Qc2 c5 12. Qxc4 cxd4 13. Qxd4 e5 {E05: Open Catalan: 5 Nf3 Be7} 14. Qh4 h6 15. Nc3 Bb7 {The position is equal.} 16. e4 (16. Be3 Qe6 17. Qa4 Bc6 18. Qa6 Rfc8 19. f3 Rab8 20. Rab1 Nd5 21. Nxd5 Bxd5 22. Qxe6 Bxe6 {½-½ (30) Wang,Y (2679)-Wang,H (2710) Hangzhou 2018}) 16... Rac8 17. Be3 Qe6 $146 (17... Rfd8 $11 {keeps the balance.}) ({Predecessor:} 17... Rfd8 18. Rad1 Rxd1 {½-½ (18) Hnatovsky,N (2244)-Szczepanski,Z (2494) LSS email 2013}) 18. f3 $1 $16 ({Much worse is} 18. Bxa7 Rxc3 19. bxc3 Nxe4 $11) 18... Ba6 19. Rfe1 Rfd8 20. g4 Rd3 21. Qf2 h5 22. h3 hxg4 23. hxg4 Nd7 (23... Rb8 $16) 24. Bxa7 Nf8 25. Rad1 Ng6 {[#] and if ...Nf4 works, Black does fine.} 26. Rxd3 (26. Be3 $1 $18 {is the precise move to win.}) 26... Bxd3 (26... Nf4 $16 27. Qc2 Nxd3) 27. Be3 $18 Bc4 28. a3 Qf6 29. Rd1 (29. Kg2 $18) 29... Nh4 $16 30. g5 (30. Kh2 $16) 30... Qxf3 $2 (30... Nxf3+ $14 31. Kg2 Nxg5) 31. Qxf3 $18 (31. Qxh4 $2 Qxe3+ 32. Qf2 Qxg5+ 33. Qg2 Qe7 $17) 31... Nxf3+ 32. Kf2 Nh4 33. Nd5 Rb8 34. b4 Rb7 (34... Ng6 $142 35. Nb6 Bb3) 35. Bc5 f5 36. gxf6 gxf6 37. Nxf6+ Kg7 (37... Kf7 $142 38. Ng4 Ng6) 38. Nd5 $2 (38. Ne8+ Kh6 39. Nd6) 38... Rf7+ 39. Kg3 Nf3 40. Kg4 $2 ({White should play} 40. Ne3 $18 Be6 {[#]} 41. Nf5+ $1 {[%mdl 512]} Bxf5 42. exf5 (42. Kxf3 Bd7+ 43. Ke3 Kf6 $18)) 40... Be2 $11 41. Ra1 Nd2+ $1 42. Kh3 Rf3+ 43. Kg2 Nxe4 44. a4 Kf7 45. a5 Rg3+ 46. Kh2 Rg6 47. Rg1 Rh6+ 48. Kg2 Rg6+ 49. Kh2 Rh6+ 50. Kg2 Rg6+ 51. Kh2 Ng5 {White must now prevent ...Nf3+.} 52. Rg3 Bf3 (52... Nf3+ $11 53. Kg2 Ne1+ 54. Kh2 Nf3+ 55. Kg2 Ne1+ 56. Kh2 Nf3+) 53. Be3 {Nc7 is the strong threat.} Rh6+ 54. Kg1 Rh1+ 55. Kf2 Bxd5 56. Rxg5 $14 {[%mdl 4096] Endgame KRB-KRB} Kf6 57. Rg1 Rh2+ 58. Kg3 Rb2 59. Bc5 Rb3+ 60. Kf2 {aiming for Ra1.} Kf5 ({Black should try} 60... Ra3 $14) 61. Rg3 ({Better is} 61. a6 $16) 61... Rb2+ 62. Ke1 {Strongly threatening a6.} Ra2 63. Rh3 Kf4 64. Rh4+ Kf3 65. Rh3+ Kf4 66. Rc3 Bf3 67. Kf1 e4 68. Be3+ Kg3 69. Rc1 Rh2 70. a6 {And now a7 would win.} Rh1+ 71. Bg1 {Threatens to win with Re1.} e3 $1 {[%cal Re3e2] ( -> ...e2+)} 72. a7 $2 {[%mdl 8192]} (72. Rc2 $11) 72... e2+ 73. Ke1 Rxg1+ {Accuracy: White = 37%, Black = 41%.} 0-1

[Event "RUS-ch Men Blitz 2019"]
[Site "Sochi"]
[Date "2019.10.17"]
[Round "3.10"]
[White "Khismatullin, Denis"]
[Black "Savitskiy, Sergey"]
[Result "1-0"]
[WhiteElo "2611"]
[BlackElo "2407"]
[Annotator "TA"]
[PlyCount "52"]
[EventDate "2019.10.17"]
[EventType "swiss"]
[EventCountry "RUS"]
[SourceTitle "playchess.com"]
[Source "ChessBase"]
[SourceQuality "1"]

{[%evp 9,52,21,23,15,14,26,27,22,34,27,46,46,45,9,13,16,22,18,0,-28,-32,-15,-27,-24,32,0,0,0,25,-7,-4,-12,61,66,76,83,155,158,169,165,173,173,169,167,692]} 1. b3 c5 2. Bb2 Nc6 3. Nf3 d6 4. d4 cxd4 5. Nxd4 e5 (5... Nf6 6. Nxc6 bxc6 7. e3 g6 8. Be2 Bg7 9. O-O O-O 10. c4 c5 11. Bf3 Rb8 12. Nc3 Nd7 13. Qd2 Ne5 {½-½ (65) Nakamura,H (2785)-Yu,Y (2738) Caleta 2017}) 6. Nxc6 {A04: Unusual lines after 1 Nf3 and King's Indian Attack} bxc6 7. g3 Nf6 8. Bg2 {White has an edge.} Bd7 $146 ({Predecessor:} 8... Qc7 9. c4 Be7 10. Nc3 O-O 11. Rc1 Bb7 12. O-O Rad8 13. Rc2 {1-0 (38) Meier,G (2650)-Tregubov,P (2575) Riadh 2017}) 9. O-O Rc8 10. c4 Be7 11. c5 d5 12. Bxe5 Bxc5 13. Nc3 O-O 14. e4 {[%cal Re4d5]} Re8 $1 {[%cal Re8e5]} 15. Bxf6 Qxf6 16. Rc1 Bd4 ({Black should try} 16... Bb4 $11 17. Qd3 d4) 17. Ne2 Bb6 18. Nf4 Bc7 (18... d4 {feels hotter.} 19. Re1 Qe7 20. Qd2 Qa3 21. Qe2 Qe7) 19. Qd2 Bxf4 20. gxf4 d4 ({Black should play} 20... Rcd8 $11) 21. Rc5 $14 h6 22. Rfc1 Qg6 (22... Rcd8 $142) 23. f5 $16 {White is clearly better.} Qd6 {[#]} 24. R1c4 $1 Re5 25. Rxe5 Qxe5 26. Qxd4 Qf4 $2 {Accuracy: White = 74%, Black = 22%.} (26... Qc7 27. Qc5 Rd8) 1-0

[Event "RUS-ch Men Blitz 2019"]
[Site "Sochi"]
[Date "2019.10.17"]
[Round "3.11"]
[White "Smagin, Sergey"]
[Black "Pridorozhni, Aleksei"]
[Result "1/2-1/2"]
[WhiteElo "2551"]
[BlackElo "2599"]
[Annotator "ChessBase"]
[PlyCount "58"]
[EventDate "2019.10.17"]
[EventType "swiss"]
[EventCountry "RUS"]
[SourceTitle "playchess.com"]
[Source "ChessBase"]
[SourceQuality "1"]
[TimeControl "180+2"]

1. e4 {[%emt 0:00:00]} c5 {[%emt 0:00:00]} 2. c3 {[%emt 0:00:00]} e6 {[%emt 0:00:02]} 3. d4 {[%emt 0:00:01]} d5 {[%emt 0:00:01]} 4. exd5 {[%emt 0:00:00]} exd5 {[%emt 0:00:01]} 5. Nf3 {[%emt 0:00:02]} Nc6 {[%emt 0:00:02]} 6. Bb5 {[%emt 0:00:01]} Bd6 {[%emt 0:00:01]} 7. dxc5 Bxc5 {[%emt 0:00:01]} 8. Nbd2 {[%emt 0:00:08]} Nge7 {[%emt 0:00:02]} 9. Nb3 {[%emt 0:00:01]} Bb6 {[%emt 0:00:01]} 10. O-O {[%emt 0:00:01]} O-O 11. Bd3 Bf5 {[%emt 0:00:13]} 12. Bg5 {[%emt 0:00:20]} Qd7 {[%emt 0:00:06]} 13. Qc2 {[%emt 0:00:11]} f6 {[%emt 0:00:21]} 14. Bf4 {[%emt 0:00:13]} Bxd3 {[%emt 0:00:05]} 15. Qxd3 {[%emt 0:00:01]} Ng6 {[%emt 0:00:03]} 16. Be3 {[%emt 0:00:32]} Nge5 {[%emt 0:00:11]} 17. Nxe5 {[%emt 0:00:02]} fxe5 {[%emt 0:00:12]} 18. Bc5 {[%emt 0:00:13]} Rf6 {[%emt 0:00:10]} 19. Rad1 {[%emt 0:00:03]} Rd8 {[%emt 0:00:03]} 20. Bxb6 {[%emt 0:00:03]} axb6 {[%emt 0:00:01]} 21. Rfe1 {[%emt 0:00:09]} Qf7 {[%emt 0:00:39]} 22. Qe3 {[%emt 0:00:13]} h5 {[%emt 0:00:17]} 23. Rd2 {[%emt 0:00:04]} h4 {[%emt 0:00:10]} 24. h3 {[%emt 0:00:07]} Rg6 {[%emt 0:00:03]} 25. Red1 {[%emt 0:00:08]} Rd7 {[%emt 0:00:08]} 26. Kh2 {[%emt 0:00:04]} Rf6 {[%emt 0:00:15]} 27. Kg1 {[%emt 0:00:13]} Rg6 {[%emt 0:00:04]} 28. Kh2 {[%emt 0:00:01]} Rf6 {[%emt 0:00:02]} 29. Kg1 {[%emt 0:00:00]} Rg6 1/2-1/2

[Event "RUS-ch Men Blitz 2019"]
[Site "Sochi"]
[Date "2019.10.20"]
[Round "3.11"]
[White "Triapishko, Alexandr"]
[Black "Bryakin, Mikhail"]
[Result "0-1"]
[WhiteElo "2514"]
[BlackElo "2440"]
[Annotator "ChessBase"]
[PlyCount "152"]
[EventDate "2019.10.17"]
[EventType "swiss"]
[EventCountry "RUS"]
[SourceTitle "playchess.com"]
[Source "ChessBase"]
[SourceQuality "1"]
[TimeControl "180+2"]

1. Nf3 {[%emt 0:00:00]} d5 {[%emt 0:00:00]} 2. g3 {[%emt 0:00:00]} c6 {[%emt 0:00:00]} 3. Bg2 {[%emt 0:00:00]} Nf6 {[%emt 0:00:01]} 4. c4 {[%emt 0:00:02]} Bf5 {[%emt 0:00:03]} 5. cxd5 {[%emt 0:00:02]} cxd5 {[%emt 0:00:01]} 6. Qb3 {[%emt 0:00:01]} Qb6 {[%emt 0:00:01]} 7. Qxb6 {[%emt 0:00:03]} axb6 {[%emt 0:00:00]} 8. Nc3 {[%emt 0:00:09]} Bd7 {[%emt 0:00:06]} 9. Ne5 {[%emt 0:00:09]} e6 {[%emt 0:00:02]} 10. Nxd7 {[%emt 0:00:03]} Nbxd7 {[%emt 0:00:05]} 11. O-O {[%emt 0:00:04]} Be7 {[%emt 0:00:21]} 12. d4 {[%emt 0:00:16]} O-O {[%emt 0:00:08]} 13. Bd2 {[%emt 0:00:05]} Rfc8 {[%emt 0:00:06]} 14. Rfc1 {[%emt 0:00:15]} Rc4 {[%emt 0:00:14]} 15. e3 {[%emt 0:00:03]} Rac8 {[%emt 0:00:10]} 16. Bf1 {[%emt 0:00:07]} R4c7 {[%emt 0:00:01]} 17. Nb5 {[%emt 0:00:15]} Rxc1 {[%emt 0:00:02]} 18. Rxc1 {[%emt 0:00:01]} Rxc1 {[%emt 0:00:01]} 19. Bxc1 {[%emt 0:00:00]} Kf8 {[%emt 0:00:11]} 20. Bd3 {[%emt 0:00:07]} h6 {[%emt 0:00:05]} 21. f3 {[%emt 0:00:03]} Ke8 {[%emt 0:00:04]} 22. Kf1 {[%emt 0:00:06]} Kd8 {[%emt 0:00:01]} 23. Ke2 {[%emt 0:00:02]} Nb8 {[%emt 0:00:03]} 24. a3 {[%emt 0:00:14]} Nc6 {[%emt 0:00:01]} 25. Bd2 {[%emt 0:00:03]} Na5 {[%emt 0:00:03]} 26. Bc2 {[%emt 0:00:28]} Ne8 {[%emt 0:00:33]} 27. b3 {[%emt 0:00:27]} Nd6 {[%emt 0:00:03]} 28. Nc3 {[%emt 0:00:14]} Ne8 {[%emt 0:00:01]} 29. Bc1 {[%emt 0:00:04]} Nf6 {[%emt 0:00:09]} 30. g4 {[%emt 0:00:12]} Kd7 {[%emt 0:00:08]} 31. h3 {[%emt 0:00:03]} Kc7 {[%emt 0:00:03]} 32. e4 {[%emt 0:00:08]} Nc6 {[%emt 0:00:03]} 33. Nb5+ {[%emt 0:00:02]} Kd7 {[%emt 0:00:02]} 34. e5 Ne8 35. f4 {[%emt 0:00:17]} Nc7 {[%emt 0:00:04]} 36. Bd3 {[%emt 0:00:00]} Kd8 {[%emt 0:00:07]} 37. Bb2 {[%emt 0:00:03]} Nxb5 {[%emt 0:00:04]} 38. Bxb5 {[%emt 0:00:01]} Bxa3 {[%emt 0:00:12]} 39. Bc3 {[%emt 0:00:05]} Be7 {[%emt 0:00:09]} 40. Bd3 {[%emt 0:00:02]} Bb4 {[%emt 0:00:04]} 41. Bb2 {[%emt 0:00:01]} Be7 {[%emt 0:00:08]} 42. Ke3 {[%emt 0:00:03]} Bh4 {[%emt 0:00:01]} 43. Bc3 {[%emt 0:00:02]} Bg3 {[%emt 0:00:04]} 44. b4 {[%emt 0:00:02]} Bh2 {[%emt 0:00:03]} 45. Kf2 {[%emt 0:00:03]} Bxf4 {[%emt 0:00:04]} 46. b5 {[%emt 0:00:01]} Na5 {[%emt 0:00:10]} 47. h4 {[%emt 0:00:01]} Nc4 {[%emt 0:00:07]} 48. Kf3 {[%emt 0:00:03]} Bc1 {[%emt 0:00:02]} 49. Ke2 {[%emt 0:00:01]} Bb2 {[%emt 0:00:08]} 50. Bxb2 {[%emt 0:00:02]} Nxb2 {[%emt 0:00:01]} 51. Bc2 {[%emt 0:00:01]} Nc4 {[%emt 0:00:02]} 52. Bd3 {[%emt 0:00:04]} Na5 {[%emt 0:00:05]} 53. g5 {[%emt 0:00:02]} Ke7 {[%emt 0:00:03]} 54. gxh6 {[%emt 0:00:02]} gxh6 55. Ke3 f6 {[%emt 0:00:02]} 56. exf6+ {[%emt 0:00:04]} Kxf6 {[%emt 0:00:01]} 57. Bc2 {[%emt 0:00:02]} Nc4+ {[%emt 0:00:02]} 58. Kf4 {[%emt 0:00:01]} e5+ {[%emt 0:00:03]} 59. dxe5+ {[%emt 0:00:01]} Nxe5 {[%emt 0:00:01]} 60. Ke3 {[%emt 0:00:02]} Ke6 {[%emt 0:00:05]} 61. Kf4 {[%emt 0:00:03]} Nc4 {[%emt 0:00:04]} 62. Bf5+ {[%emt 0:00:03]} Kf6 {[%emt 0:00:02]} 63. Bd3 {[%emt 0:00:02]} Nd6 {[%emt 0:00:05]} 64. Kg4 {[%emt 0:00:02]} Nf7 {[%emt 0:00:06]} 65. Kf4 {[%emt 0:00:00]} Ne5 {[%emt 0:00:00]} 66. Bc2 {[%emt 0:00:03]} Nc4 {[%emt 0:00:02]} 67. Bd3 {[%emt 0:00:02]} Ne5 {[%emt 0:00:02]} 68. Bc2 {[%emt 0:00:00]} d4 {[%emt 0:00:04]} 69. Be4 {[%emt 0:00:04]} d3 {[%emt 0:00:03]} 70. Ke3 {[%emt 0:00:01]} Ke6 {[%emt 0:00:02]} 71. Bxb7 {[%emt 0:00:03]} Kd6 {[%emt 0:00:01]} 72. Be4 {[%emt 0:00:04]} Kc5 {[%emt 0:00:01]} 73. Kd2 {[%emt 0:00:02]} Kd4 {[%emt 0:00:01]} 74. Bg2 {[%emt 0:00:02]} Nc4+ {[%emt 0:00:01]} 75. Ke1 {[%emt 0:00:01]} Ke3 {[%emt 0:00:01]} 76. Bd5 {[%emt 0:00:02]} d2+ {[%emt 0:00:01]} 0-1